Prayer power unlimited / (Record no. 4075)

MARC details
000 -LEADER
fixed length control field 00730cam a2200241 i 4500
001 - CONTROL NUMBER
control field 4612713
003 - CONTROL NUMBER IDENTIFIER
control field GBCCL
005 - DATE AND TIME OF LATEST TRANSACTION
control field 20241126110510.0
008 - FIXED-LENGTH DATA ELEMENTS--GENERAL INFORMATION
fixed length control field 770511s1977 ilu b 001 0 eng
010 ## -
-- 77023472
020 ## - INTERNATIONAL STANDARD BOOK NUMBER
International Standard Book Number 080246808X :
Terms of availability $5.95
040 ## - CATALOGING SOURCE
Original cataloging agency DLC
Transcribing agency DLC
Modifying agency DLC
050 00 -
-- BV210.2
-- .S26
082 00 - DEWEY DECIMAL CLASSIFICATION NUMBER
Classification number 248.32
Item number SAN
100 1# - MAIN ENTRY--PERSONAL NAME
Personal name Sanders, J. Oswald
Fuller form of name (John Oswald),
Dates associated with a name 1902-1992.
9 (RLIN) 7831
245 10 - TITLE STATEMENT
Title Prayer power unlimited /
Statement of responsibility, etc. by J. Oswald Sanders.
260 ## - PUBLICATION, DISTRIBUTION, ETC.
Place of publication, distribution, etc. Chicago :
Name of publisher, distributor, etc. Moody Press,
Date of publication, distribution, etc. c1977.
300 ## - PHYSICAL DESCRIPTION
Extent 176 p. ;
Dimensions 22 cm.
504 ## - BIBLIOGRAPHY, ETC. NOTE
Bibliography, etc. note Includes bibliographical references and index.
650 #0 - SUBJECT ADDED ENTRY--TOPICAL TERM
Topical term or geographic name entry element Prayer
General subdivision Christianity.
9 (RLIN) 227
906 ## - LOCAL DATA ELEMENT F, LDF (RLIN)
a 7
b cbc
c orignew
d 1
e ocip
f 19
g y-gencatlg
942 ## - ADDED ENTRY ELEMENTS (KOHA)
Source of classification or shelving scheme Dewey Decimal Classification
Koha item type Books
Koha issues (borrowed), all copies 3
Holdings
Withdrawn status Lost status Source of classification or shelving scheme Damaged status Not for loan Home library Current Library Shelving location Date acquired Total checkouts Full call number Barcode Date last seen Date last checked out Copy number Price effective from Koha item type
    Dewey Decimal Classification     GRACE BIBLE COLLEGE GRACE BIBLE COLLEGE Ministry & Mission 2018-01-10 3 248.32 SAN 005021 2025-05-01 2023-03-03 c.1 2018-01-10 Books
© Grace Bible College Library 2025